000 00520cam a22002174a 4500
005 20250605164321.0
008 250528s ||||||||||||||||||||||||d
035 _a22918
020 _a9780273684107
040 _aGR-AtMCL
_bgre
_dGR-AtMCL
_eAACR2
245 1 _aPRINCIPLES OF AUDITING
250 _a2
260 _bPrentice Hall,
_c2005
300 _a692
700 1 _aDassen Roger
_98546
700 1 _aHayes Rick
_98547
700 1 _aSchilder Arnold
_98548
942 _cBK
999 _c7961
_d7961